000
00180 a2200085 4500
041
_a
eng
100
_a
Ernest Shepard
245
_a
Piglet is entirely surrounded by water
942
_c
BK
999
_c
29211
_d
29209